Hip & Pelvis muscles - Statistics

General Stats
  • This quiz has been taken 27 times
  • The average score is 10 of 21
Answer Stats
Hint Answer % Correct
Extension, external rotation, abduction, adduction Gluteus maximus
80%
Hip flexion & external rotation, Trunk side flexion Psoas major
80%
Hip internal rotation & abduction Gluteus minimus
73%
Hip internal rotation & abduction Gluteus medius
67%
Hip adduction, flexion, external rotation Adductor brevis
60%
Hip flexion Iliacus
60%
Hip flexion, Knee extension Rectus femoris
60%
Hip flexion, abd, external rotation, Knee flexion & internal rotation Sartorius
60%
Hip extension & ext. rotation, Knee flexion & external rotation Biceps femoris
53%
Hip external rotation & abduction Piriformis
53%
Hip extension & ext. rotation, Knee flexion & external rotation Semimembranosus
53%
Hip adduction, flexion, external rotation Adductor longus
47%
Hip adduction, flexion, external rotation Adductor magnus (Adductor part)
47%
Hip extension & internal rotation Adductor magnus (Ischial part)
47%
Hip extension & ext. rotation, Knee flexion & external rotation Semitendinosus
47%
Hip flexion & adduction, Knee flexion & internal rotation Gracilis
40%
Hip external rotation Quadratus femoris
40%
Hip abduction & internal rotation, Knee flexion & external rotation Tensor fascia lata
33%
Hip flexion, adduction, external & internal rotation Pectineus
27%
Hip external rotation Gamelli superior & inferior
7%
Hip external rotation Obturator externus & internus
7%
No matching quizzes found
Score Distribution
Percent of People with Each Score
Percentile by Number Answered
Your Score History
You have not taken this quiz